LIBRARY & INFORMATION CENTRE, KCAET, TAVANUR

ONLINE PUBLIC ACCESS CATALOGUE (OPAC)

Development and quality evaluation of microencapsulated powder of C.papaya leaf (Record no. 15723)

MARC details
000 -LEADER
fixed length control field 00494nam a22001697a 4500
003 - CONTROL NUMBER IDENTIFIER
control field OSt
082 ## - DEWEY DECIMAL CLASSIFICATION NUMBER
Classification number 664
Item number MAD/DE
088 ## - REPORT NUMBER
Report number P 456
100 ## - MAIN ENTRY--AUTHOR NAME
Personal name Madhuja Madhu
100 ## - MAIN ENTRY--AUTHOR NAME
Personal name Malavika Mohan P
100 ## - MAIN ENTRY--AUTHOR NAME
Personal name Reshma C
100 ## - MAIN ENTRY--AUTHOR NAME
Personal name Thouseena T N
245 ## - TITLE STATEMENT
Title Development and quality evaluation of microencapsulated powder of C.papaya leaf
260 ## - PUBLICATION, DISTRIBUTION, ETC. (IMPRINT)
Place of publication Tavanur
Name of publisher Department of Processing and Food Engineering
Year of publication 2019
700 ## - ADDED ENTRY--PERSONAL NAME
Personal name Sreeja R (Guide)
942 ## - ADDED ENTRY ELEMENTS (KOHA)
Koha item type Project Report
Holdings
Collection code Home library Current library Shelving location Full call number Accession Number Koha item type
Reference KAUAET KAUAET Reference 664 MAD/DE P 456 Project Report
free website counter